Statistics for Top 10 Asian Countries with the Largest Exclusive Economic Zones

Click here to take the quiz!

General Stats

  • This quiz has been taken 1,214 times
  • The average score is 8 of 10

Answer Stats

km2Country% Correct
877,019China
100%
2,305,000India
98%
4,479,000Japan
98%
6,159,000Indonesia
97%
7,567,000Russia
94%
1,590,780Philippines
88%
533,180Oman
73%
532,775Myanmar
72%
552,669Yemen
72%
923,322Maldives
57%

Score Distribution

Percentile by Number Answered

Percent of People with Each Score

Your Score History

You have not taken this quiz